00674cam a22002171 450000100060000000300080000600500170001400800390003103500190007003500180008904000390010704100080014608200150015410000180016924500670018726000530025430000310030750400370033860000450037560000360042022481BD-RjUL20211209000819.0140308s1963 wiua b 001 0 eng a(BD-RjUL)22546 a(OCoLC)177887 aDLCcOAUdOCoLCdDLCdBD-RjULbeng aeng a825.3bWEC1 aWebber, Joan.10aContrary music :bthe prose style of John Donne /cJoan Webber aMadison :bUniversity of Wisconsin Press,c1963. a227 p. :billus. ;c25 cm. aIncludes bibliography and index.10aDonne, John,d1572-1631xLiterary style.10aDonne, John,d1572-1631xProse.